00672am a2200229a 44500003000900000005001700009008004100026040001300067100003700080245005600117250001200173260003500185300002300220650002500243650002500268650003100293650002000324650002300344653002200367653002400389653002900413AR-BaBNM20251128205138.0156119s1980 #AR|||||||||||000 | esp|| cAR-BaBNM1 aCampos, María Luisa de Luján10aLibro de lectura integral para el adultob2do nivel a1ª ed. aBuenos AiresbPlus Ultrac1980 bil., mapasa268 p. 4aEDUCACION DE ADULTOS 4aMEJORA DE LA LECTURA 4aACTIVIDADES DE APRENDIZAJE 4aLIBROS DE TEXTO 4aLECTURA SILENCIOSA aEXPRESION ESCRITA aCOMPRENSION LECTORA aENSEÑANZA DE LA LENGUA